Simulation-based reliability assessment for structural engineers

Đã lưu trong:
書目詳細資料
主要作者: Pavel Marek
格式: 圖書
語言:Undetermined
出版: Boca Raton, Florida CRC Press 1995
主題:
標簽: 添加標簽
沒有標簽, 成為第一個標記此記錄!
Thư viện lưu trữ: Trung tâm Học liệu Trường Đại học Cần Thơ
LEADER 00595nam a2200193Ia 4500
001 CTU_27298
008 210402s9999 xx 000 0 und d
020 |b 224.22Dfl 
082 |a 624.17 
082 |b M323 
100 |a Pavel Marek 
245 0 |a Simulation-based reliability assessment for structural engineers 
245 0 |c Pavel Marek, Milan Gustar, Thalia Anagnos 
260 |a Boca Raton, Florida 
260 |b CRC Press 
260 |c 1995 
650 |a reliability ( engineering ),structural design 
904 |i Minh, 981215 
980 |a Trung tâm Học liệu Trường Đại học Cần Thơ